| 000 | 00964 aa a2200205 4500 | ||
|---|---|---|---|
| 005 | 20120616112410.0 | ||
| 008 | 090313t xxu||||| |||| 00| 0 eng d | ||
| 010 | _a | ||
| 020 |
_a818609847x _c80.00 |
||
| 035 | _aB-206242 | ||
| 082 | _a615.88 | ||
| 100 |
_aगुप्ता, राजकुमारी _949171 |
||
| 245 |
_aनीबू / _cराजकुमारी गुप्ता |
||
| 260 |
_aजयपुर _bपापुलर बुक डिपो _c2006 |
||
| 260 | _aजयपुर | ||
| 270 |
_aजी-15,एस.एस.टॉवर,धामाणी गली,चौड़ा रास्ता _bजयपुर _e302003 |
||
| 300 |
_a56पृ _c22सेमी (सजिल्द) |
||
| 942 |
_adpl _cHN _2ddc _h615.88 _mगुप्तारा |
||
| 999 |
_c67998 _d67998 |
||